| 000 | 00957nas a2200301 4500 | ||
|---|---|---|---|
| 001 | BR2018000743 | ||
| 003 | BR-BrBNA | ||
| 005 | 20231205131301.0 | ||
| 007 | ta | ||
| 008 | 230509b bl.|||p| |||| 00| 00por d | ||
| 040 |
_aBR-BrBNA _bpor _cBiblioteca Nacional de Agricultura |
||
| 041 | _a(Pt) | ||
| 072 | _aL70 | ||
| 100 | 1 | _aFernandes, V. | |
| 100 | 1 | _aPossamai, M.C.F. | |
| 100 | 1 | _aTramontin, R.S. | |
| 100 | 1 | _aBelettini, S.T. | |
| 100 | 1 | _aRibeiro, M.G. | |
| 100 | 1 | _aConti, J.B. de | |
| 100 | 1 | _aPachaly, J.R. | |
| 245 | 1 | _aUtilização de abraçadeiras de nálon 6.6 (poliamida)como método de ligadura para orquiectomia de campo em bovinos | |
| 650 | _aBOVINO | ||
| 650 | _aCIRURGIA | ||
| 650 | _aVETERINÁRIA | ||
| 773 | 0 |
_tArquivos de Ciências Veterinárias e Zoologia da Unipar (Brazil) _xISSN 1415-8167 _g(Jan-Mar 2016), v. 19(1) p. 29-33 _wBR2018000743 |
|
| 909 |
_a202311 _bLúcia _c55 _dLúcia Elande |
||
| 942 |
_2AGRIS _n0 _cANA |
||
| 999 |
_c253975 _d253975 |
||